Statistics for British Football Team Logos

Click here to take the quiz!

General Stats

  • This quiz has been taken 45,660 times
  • The average score is 14 of 20

Answer Stats

Answer% Correct
Arsenal
99%
Chelsea
98%
Manchester United
96%
Tottenham Hotspur
96%
Celtic
91%
Everton
88%
Crystal Palace
85%
Watford
85%
Rangers
79%
Brighton & Hove Albion
77%
Southampton
76%
Sheffield United
68%
Cardiff City
63%
Charlton Athletic
62%
Brentford
61%
Ipswich Town
56%
Oxford United
46%
AFC Wimbledon
43%
Scunthorpe United
34%
Port Vale
28%

Score Distribution

Percentile by Number Answered

Percent of People with Each Score

Your Score History

You have not taken this quiz